Chronicles of The Mailed Fist Division (DNT) (Record no. 218044)

000 -LEADER
fixed length control field 00480 a2200157 4500
003 - CONTROL NUMBER IDENTIFIER
control field Nust
005 - DATE AND TIME OF LATEST TRANSACTION
control field 20251008163845.0
040 ## - CATALOGING SOURCE
Transcribing agency Nust
082 ## - DEWEY DECIMAL CLASSIFICATION NUMBER
Classification number 355.33,ARM
245 ## - TITLE STATEMENT
Title Chronicles of The Mailed Fist Division (DNT)
Remainder of title History of Pakistan Army's 1st Armoured Division
260 ## - PUBLICATION, DISTRIBUTION, ETC.
Place of publication, distribution, etc. Islamabad (Pakistan)
Name of publisher, distributor, etc. Agha Jee
Date of publication, distribution, etc. 2016
300 ## - PHYSICAL DESCRIPTION
Extent 443 p
650 ## - SUBJECT ADDED ENTRY--TOPICAL TERM
Topical term or geographic name entry element History of Pakistan Army's Armoured Division
9 (RLIN) 131018
651 ## - SUBJECT ADDED ENTRY--GEOGRAPHIC NAME
Geographic name Chronicles of The Mailed
9 (RLIN) 131019
942 ## - ADDED ENTRY ELEMENTS (KOHA)
Source of classification or shelving scheme
Koha item type Book
Holdings
Withdrawn status Lost status Source of classification or shelving scheme Damaged status Not for loan Permanent Location Current Location Shelving location Date acquired Full call number Barcode Date last seen Price effective from Koha item type Public note
          Military College of Signals (MCS) Military College of Signals (MCS) General Stacks 12/12/2016 355.33,ARM MCS37378 12/08/2016 12/12/2016 Book Almirah No.76, Shelf No.2
© 2023 Central Library, National University of Sciences and Technology. All Rights Reserved.